000 00596nam a2200217 i 4500
001 C2-0168413
003 PPAK
005 20180728090850.0
008 980718s xx |||| ||||| | may d
040 _aPPAK
_beng
_cPPAK
_erda
082 0 4 _a306.089992
_2 23
090 0 0 _a306.089992
_bBUM
_dKK
100 0 _aA. Kadir Jasin,
_eauthor
245 1 0 _aBumiputera tidak harus menjadi topeng
300 _a5 pages ;
_c30 cm
336 _2rdacontent
_atext
337 _2rdamedia
_aunmediated
338 _2rdacarrier
_avolume
500 _aArtikel dalam Dewan Budaya Oktober 1995
942 _ddc
_cB
999 _c152566
_d152566